|
|
|
|
| LEADER |
00750aam a22002418a 4500 |
| 001 |
00028848 |
| 005 |
20171026081023.0 |
| 008 |
120404s2010 ||||||viesd |
| 041 |
0 |
# |
|a vie
|
| 082 |
1 |
4 |
|a 344.597 04
|b L504B
|
| 245 |
1 |
0 |
|a Luật bảo vệ môi trường
|
| 260 |
# |
# |
|a Hà Nội
|b Chính Trị- Quốc Gia
|c 2010
|
| 300 |
# |
# |
|a 350 tr.
|c 19cm.
|
| 546 |
# |
# |
|a Song ngữ Kinh- Khmer
|
| 650 |
# |
4 |
|a Việt Nam
|v văn bản
|
| 653 |
# |
# |
|a Luật
|
| 653 |
# |
# |
|a Việt - Khmer
|
| 653 |
# |
# |
|a Việt Nam
|
| 653 |
# |
# |
|a bảo vệ môi trường
|
| 852 |
# |
# |
|b Kho đọc
|j KD.0013372
|
| 852 |
# |
# |
|j KD.0013372
|
| 910 |
|
|
|d 04/04/2012
|
| 980 |
# |
# |
|a Trung tâm Học liệu Lê Vũ Hùng, Trường Đại học Đồng Tháp
|